|
|
|
|
| LEADER |
00000nam0a2200000 4500 |
| 001 |
250348 |
| 005 |
20231101232545.0 |
| 010 |
|
|
|a 5852850985
|
| 020 |
|
|
|a RU
|b 89-13875
|
| 035 |
|
|
|a (RuTPU)RU\TPU\book\272536
|
| 090 |
|
|
|a 250348
|
| 100 |
|
|
|a 20140212d1989 m y0rusy5003 ca
|
| 101 |
0 |
|
|a rus
|
| 102 |
|
|
|a RU
|
| 105 |
|
|
|a a z 000zd
|
| 200 |
1 |
|
|a Советские композиторы - фронту
|e самоотчеты-воспоминания
|f сост. Г. А. Поляновский
|
| 210 |
|
|
|a Москва
|c Советский композитор
|d 1989
|
| 215 |
|
|
|a 85,[2] с.
|c ил.
|
| 600 |
|
1 |
|a Шостакович
|b Д. Д.
|c русский композитор
|f 1906-1975
|g Дмитрий Дмитриевич
|2 stltpush
|3 (RuTPU)RU\TPU\pers\11080
|9 2455
|
| 600 |
|
1 |
|a Кабалевский
|b Д. Б.
|c русский композитор
|f 1904-1987
|g Дмитрий Борисович
|2 stltpush
|3 (RuTPU)RU\TPU\pers\11079
|9 2454
|
| 600 |
|
1 |
|a Блантер
|b М. И.
|c русский композитор
|f 1903-1990
|g Матвей Исаакович
|2 stltpush
|3 (RuTPU)RU\TPU\pers\11077
|9 2452
|
| 606 |
1 |
|
|a Композиторы
|2 stltpush
|3 (RuTPU)RU\TPU\subj\15032
|9 41330
|
| 610 |
1 |
|
|a музыка
|
| 610 |
1 |
|
|a Великая Отечественная война 1941-1945
|
| 610 |
1 |
|
|a история
|
| 610 |
1 |
|
|a воспоминания
|
| 610 |
1 |
|
|a документы
|
| 675 |
|
|
|a 78.071.1
|v 3
|
| 702 |
|
1 |
|a Поляновский
|b Г. А.
|4 220
|
| 801 |
|
0 |
|a RU
|b RuMRKP
|c 19950417
|g psbo
|
| 801 |
|
1 |
|a RU
|b 63413507
|c 20140212
|
| 801 |
|
2 |
|a RU
|b 63413507
|c 20140409
|g RCR
|
| 942 |
|
|
|c BK
|